| 000 | 02365cam a22006014i 4500 | ||
|---|---|---|---|
| 003 | PE-LiUPU | ||
| 005 | 20250731165508.0 | ||
| 008 | 090903s2016 ck a g 000 0 spa d | ||
| 020 | _a9789587725117 | ||
| 020 | _a9587725115 | ||
| 035 | _a(Sirsi) a239618 | ||
| 040 |
_aPE-LiUPU _bspa _cPE-LiUPU _erda |
||
| 049 | _aPRUA | ||
| 082 | 0 | 4 |
_a001.42 _bP44 _221 |
| 100 | 1 |
_aPérez Hoyos, Óscar Iván, _eautor. |
|
| 245 | 1 | 0 |
_aMetodología para la elaboración de estudios de caso en responsalibidad social / _cÓscar Iván Pérez Hoyos. |
| 247 | 1 | 0 |
_aTésis : _belaboración y presentación |
| 250 | _aPrimera edición. | ||
| 264 | 1 |
_aBogotá : _bDigiprint Editores, _c2016. |
|
| 300 |
_a173 páginas : _bilustraciones ; _c24 centímetros |
||
| 336 |
_atext _2rdacontent |
||
| 337 |
_aunmediated _2rdamedia |
||
| 338 |
_avolume _2rdacarrier |
||
| 504 | _aBibliografía : páginas 169 - 173. | ||
| 505 | 0 | _aIntroducción -- Investigación de estudios de caso y responsabilidad social -- Metodología para la elaboración de estudios de caso en responsabilidad social -- Conclusiones. | |
| 526 | _aSEG44 | ||
| 526 | _aSEG26 | ||
| 526 | _aP151 | ||
| 526 | _aP150 | ||
| 526 | _aP149 | ||
| 526 | _aP146 | ||
| 526 | _aP145 | ||
| 526 | _aP126 | ||
| 526 | _aP125 | ||
| 526 | _aP92 | ||
| 526 | _aP75 | ||
| 526 | _aP74 | ||
| 526 | _aP27 | ||
| 526 | _aP15 | ||
| 541 | _g048-005596; | ||
| 541 | _g002-00000600; | ||
| 650 | 4 | _aInformes, Redacción. | |
| 650 | 4 |
_aInvestigación _xMetodología. |
|
| 650 | 4 |
_aTesis _xManuales, etc. |
|
| 910 |
_ajgg _d20170926 |
||
| 910 |
_adbm _bksl _cksl _d20181120 |
||
| 942 |
_2ddc _cBOOK |
||
| 949 |
_a001.42 bP44 _wDEWEY _c1 _iFT03178 _lCCODEBUT1 _mBUT _p8.40 _r0 _sY _tBOOK _u2017-09-26 _xFCE _PP08 _0COMPRA _o.STAFF. Colección General |
||
| 994 |
_aC0 _bPEPRU |
||
| 596 | _a1 | ||
| 999 |
_a001.42 P44 2016 _wDEWEY _c25303 _iFT03178 _d25303 _e2018-4-26 _f2019-2-20 _g2 _lCCODEBUT1 _mBUL _n1 _p8.40 _r0 _sY _tBOOK _u2017-9-26 _xFCE _PP08 _0COMPRA _o.STAFF. Colección General |
||
| 999 |
_a001.42 P44 2016 _wDEWEY _c2 _i79540 _f2021-11-4 _g4 _lCCODEBUL1 _mBUL _p28.44 _r0 _sY _tBOOK _u2018-11-20 _xBIBLIOTECA _PP69 _0COMPRA _1FCOMPR2 _o.STAFF. Colección Ciencias de la Salud |
||
| 980 |
_81 _gALBERTO SANCHEZ Responsable de Automatización |
||